Paterson / (Record no. 76932)
[ view plain ]
| 000 -LEADER | |
|---|---|
| fixed length control field | 01249nam a2200421I 4500 |
| 001 - CONTROL NUMBER | |
| control field | 76932 |
| 003 - CONTROL NUMBER IDENTIFIER | |
| rucl marc code | BD-RjUL |
| 005 - DATE AND TIME OF LATEST TRANSACTION | |
| control field | 20211209082915.0 |
| 008 - FIXED-LENGTH DATA ELEMENTS--GENERAL INFORMATION | |
| fixed length control field | 200206s1951 xx 000 0 eng d |
| 035 ## - SYSTEM CONTROL NUMBER | |
| System control number | MITb10548797 |
| System control number | (BD-RjUL)77156 |
| System control number | GLIS00548797 |
| 040 ## - CATALOGING SOURCE | |
| Original cataloging agency | PAU |
| Transcribing agency | PAU |
| Modifying agency | RCD |
| Language of cataloging | eng |
| 041 ## - LANGUAGE CODE | |
| Language code of text/sound track or separate title | eng |
| 049 ## - LOCAL HOLDINGS (OCLC) | |
| Holding library | RCDA |
| 082 ## - DEWEY DECIMAL CLASSIFICATION NUMBER | |
| Edition number | 19 |
| Classification number | 811.5 |
| Author mark and year | WIP 1951 |
| 090 ## - LOCALLY ASSIGNED LC-TYPE CALL NUMBER (OCLC); LOCAL CALL NUMBER (OCLC) | |
| Classification number (OCLC) (R) ; Classification number, CALL (RLIN) (NR) | PS3545.I293 |
| Local cutter number (OCLC) ; Book number/undivided call number, CALL (RLIN) | P3 1951 |
| 099 ## - LOCAL FREE-TEXT CALL NUMBER (OCLC) | |
| Bangla Class number | PS3545.I293.P3 1951 |
| 100 1# - MAIN ENTRY--PERSONAL NAME | |
| Personal name | Williams, William Carlos, |
| Dates associated with a name | 1883-1963. |
| 9 (RLIN) | 238957 |
| 245 10 - TITLE STATEMENT | |
| Title | Paterson / |
| Statement of responsibility, etc. | William Carlos Williams, |
| 260 ## - PUBLICATION, DISTRIBUTION, ETC. (IMPRINT) | |
| Place of publication, distribution, etc. | [New York, |
| Name of publisher, distributor, etc. | New Directions, |
| Date of publication, distribution, etc. | 1951] |
| 300 ## - PHYSICAL DESCRIPTION | |
| Pagination | 238 p. ; |
| Size | 18 cm. |
| 336 ## - CONTENT TYPE | |
| Content type term | text |
| Content type code | txt |
| Source | rdacontent |
| 337 ## - MEDIA TYPE | |
| Media type term | unmediated |
| Media type code | n |
| Source | rdamedia |
| 338 ## - CARRIER TYPE | |
| Carrier type term | volume |
| Carrier type code | nc |
| Source | rdacarrier |
| 490 1# - SERIES STATEMENT | |
| Series statement | The New classics series ; |
| Volume/sequential designation | 26 |
| 500 ## - GENERAL NOTE | |
| General note | In verse. |
| 651 #0 - SUBJECT ADDED ENTRY--GEOGRAPHIC NAME | |
| Geographic name | Paterson (N.J.) |
| Form subdivision | Poetry. |
| 9 (RLIN) | 238958 |
| 830 #0 - SERIES ADDED ENTRY--UNIFORM TITLE | |
| Uniform title | New classics series ; |
| Volume number/sequential designation | 26. |
| 910 ## - USER-OPTION DATA (OCLC) | |
| User-option data | OCLC 1445 |
| User-option data | OCLC 1445 |
| User-option data | MARCIVEAUT |
| 942 ## - ADDED ENTRY ELEMENTS (KOHA) | |
| Source of classification or shelving scheme | Dewey Decimal Classification |
| Koha item type | Books |
| 949 ## - LOCAL PROCESSING INFORMATION (OCLC) | |
| a | MYGH |
| v | 4 |
| a | MYGH |
| v | 5 |
| Lost status | Source of classification or shelving scheme | Damaged status | Not for loan | Collection code | Permanent Location | Current Location | Shelving location | Date acquired | Total Checkouts | Full call number | Date last seen | Copy number | Koha item type |
|---|---|---|---|---|---|---|---|---|---|---|---|---|---|
| Dewey Decimal Classification | Not For Loan | Non-fiction | Central Library, University of Rajshahi | Central Library, University of Rajshahi | Reading Room | 21/06/1965 | 811.5 WIP 1951 | 06/02/2020 | C-1 | Books |